| 000 | 00731nam a2200181Ia 4500 | ||
|---|---|---|---|
| 008 | 151018s9999 xx 000 0 und d | ||
| 082 |
_bRBASDV50153 _a923.1 |
||
| 100 | _aअशोकराव सरकार शिंदे | ||
| 245 | _aसखी राज्ञी जयंती महाराणी | ||
| 250 | _b1 | ||
| 260 | _bसह्याद्री प्रकाशन | ||
| 300 | _a200 | ||
| 600 | _aअशोकराव सरकार शिंदे | ||
| 630 | _aसखी राज्ञी जयंती महाराणी | ||
| 700 | _aअशोकराव सरकार शिंदे | ||
| 730 | _aसखी राज्ञी जयंती महाराणी | ||
| 942 | _cBOOK | ||
| 999 |
_c1049131 _d1049128 |
||